Color atlas of postharvest quality of fruits an vegetables

Salvato in:
Dettagli Bibliografici
Autore principale: Nunes, María Cecilia do Nascimento (Autore)
Natura: Libro
Lingua:inglese
Pubblicazione: Iowa City Blackwell 2008
Soggetti:
Tags: Aggiungi Tag
Nessun Tag, puoi essere il primo ad aggiungerne!!

MARC

LEADER 00000nam a2200000 a 4500
001 UCI7922
003 CL-VaPUC
008 080731e20080000US |||||||||||||||||eng|d
020 |a 9780813817521 
082 0 4 |a 634.046  |b NUN  |2 21 
100 0 |a Nunes, María Cecilia do Nascimento  |e author  |9 531339 
245 1 0 |a Color atlas of postharvest quality of fruits an vegetables 
300 |a 463 p 
942 |c BK 
945 |d 20080731 00:00:00  |a rbrito 
260 |a Iowa City  |b Blackwell  |c 2008 
650 0 |a Fruticultura  |9 259678 
650 0 |a Horticultura  |9 259721 
650 0 |a Control de calidad   |9 259714 
650 0 |a Fisiología vegetal  |9 260158 
650 0 |a Frutas  |9 259500 
650 0 |a Vegetales  |9 264557 
583 |a last modification  |c 20080731 00:00:00  |k Rodrigo Vera 
999 |c 331051  |d 331049 
952 |0 0  |1 0  |4 0  |6 634_046000000000000_NUN_2008  |7 0  |8 A  |9 417160  |a BIBALI  |b BIBALI  |c REF  |d 2019-11-22  |i 4468791  |l 1  |o 634.046 NUN 2008  |p 4468791  |r 2025-01-20  |s 2023-10-02  |w 2019-11-22  |y BK_F  |k ALI 
952 |0 0  |1 0  |4 0  |6 634_046000000000000_NUN_2008  |7 0  |8 A  |9 417161  |a BIBAGR  |b BIBAGR  |d 2019-11-22  |i 457088K  |o 634.046 NUN 2008  |p 457088K  |r 2025-01-20  |w 2019-11-22  |y BK  |k AGR